<?xml version="1.0" encoding="UTF-8"?>
<record
    xmlns:xsi="http://www.w3.org/2001/XMLSchema-instance"
    xsi:schemaLocation="http://www.loc.gov/MARC21/slim http://www.loc.gov/standards/marcxml/schema/MARC21slim.xsd"
    xmlns="http://www.loc.gov/MARC21/slim">

  <leader>00836nam a2200217Ia 4500</leader>
  <controlfield tag="003">IN-BaIIA</controlfield>
  <controlfield tag="008">211028s9999    xx            000 0 eng d</controlfield>
  <datafield tag="020" ind1=" " ind2=" ">
    <subfield code="a">0379-6566</subfield>
  </datafield>
  <datafield tag="040" ind1=" " ind2=" ">
    <subfield code="c">IIA Library</subfield>
  </datafield>
  <datafield tag="080" ind1=" " ind2=" ">
    <subfield code="a">52-76(082)</subfield>
    <subfield code="b">ESA-4</subfield>
  </datafield>
  <datafield tag="111" ind1=" " ind2=" ">
    <subfield code="a">International Ultraviolet Explorer&#xA0;Conference&#xA0;</subfield>
    <subfield code="n">4th</subfield>
    <subfield code="c">Rome, Italy</subfield>
    <subfield code="d">1984 May 15-18</subfield>
    <subfield code="9">14724</subfield>
  </datafield>
  <datafield tag="245" ind1=" " ind2="0">
    <subfield code="a">Fourth European IUE Conference</subfield>
    <subfield code="b">proceedings of the&#xA0;fourth&#xA0;international ultraviolet explorer&#xA0;Conference&#xA0;held in Rome, Italy, 15-18 May 1984</subfield>
    <subfield code="c">edited by Erica Rolfe and Bruce Battrick</subfield>
  </datafield>
  <datafield tag="260" ind1=" " ind2=" ">
    <subfield code="a">France</subfield>
    <subfield code="b">European Space Agency</subfield>
    <subfield code="c">1984</subfield>
  </datafield>
  <datafield tag="300" ind1=" " ind2=" ">
    <subfield code="a">xx, 518p.</subfield>
  </datafield>
  <datafield tag="650" ind1=" " ind2=" ">
    <subfield code="a">Astronomy and Astrophysics Thesaurus</subfield>
  </datafield>
  <datafield tag="650" ind1=" " ind2=" ">
    <subfield code="a">International Ultraviolet Explorer</subfield>
    <subfield code="9">12266</subfield>
  </datafield>
  <datafield tag="650" ind1=" " ind2=" ">
    <subfield code="a">IUE</subfield>
    <subfield code="9">11538</subfield>
  </datafield>
  <datafield tag="700" ind1=" " ind2=" ">
    <subfield code="a">Battrick, Bruce., ed.</subfield>
  </datafield>
  <datafield tag="700" ind1=" " ind2=" ">
    <subfield code="a">Rolfe, Eric, ed.</subfield>
    <subfield code="9">14725</subfield>
  </datafield>
  <datafield tag="942" ind1=" " ind2=" ">
    <subfield code="c">BK</subfield>
  </datafield>
  <datafield tag="999" ind1=" " ind2=" ">
    <subfield code="c">8758</subfield>
    <subfield code="d">8758</subfield>
  </datafield>
  <datafield tag="952" ind1=" " ind2=" ">
    <subfield code="0">0</subfield>
    <subfield code="1">0</subfield>
    <subfield code="4">0</subfield>
    <subfield code="7">0</subfield>
    <subfield code="a">BAN</subfield>
    <subfield code="b">BAN</subfield>
    <subfield code="c">GEN</subfield>
    <subfield code="d">1986-07-14</subfield>
    <subfield code="l">0</subfield>
    <subfield code="o">52-76(082)/ ESA-4</subfield>
    <subfield code="p">9634</subfield>
    <subfield code="r">2021-11-05</subfield>
    <subfield code="w">1986-07-14</subfield>
    <subfield code="y">BK</subfield>
  </datafield>
</record>
